La politique de coopération avec les pays en voie de développement : Rapport de la Commission d'étude instituée par le décret du 12 mars 1963, remis au Gouvernement le 18 juillet 1963
Guardat en:
| Autor corporatiu: | |
|---|---|
| Format: | Llibre |
| Idioma: | Undetermined |
| Publicat: |
Paris
La Documentation francaise
1963
|
| Matèries: | |
| Etiquetes: |
Afegir etiqueta
Sense etiquetes, Sigues el primer a etiquetar aquest registre!
|
| Thư viện lưu trữ: | Trung tâm Học liệu Trường Đại học Cần Thơ |
|---|
| LEADER | 00727nam a2200205Ia 4500 | ||
|---|---|---|---|
| 001 | CTU_99283 | ||
| 008 | 210402s9999 xx 000 0 und d | ||
| 082 | |a 338.9 | ||
| 082 | |b D636 | ||
| 110 | |a La Documentation francaise | ||
| 245 | 0 | |a La politique de coopération avec les pays en voie de développement : | |
| 245 | 0 | |b Rapport de la Commission d'étude instituée par le décret du 12 mars 1963, remis au Gouvernement le 18 juillet 1963 | |
| 245 | 0 | |c La Documentation francaise | |
| 260 | |a Paris | ||
| 260 | |b La Documentation francaise | ||
| 260 | |c 1963 | ||
| 650 | |a Economic assistance, french | ||
| 904 | |i Giang | ||
| 910 | |a Sữa Cutter D636 | ||
| 980 | |a Trung tâm Học liệu Trường Đại học Cần Thơ | ||